Welcome to CU Library Online Public Access Catalogue (OPAC)

A textbook of Agri-Business management (Record no. 1606)

MARC details
000 -LEADER
fixed length control field 00466nam a22001817a 4500
005 - DATE AND TIME OF LATEST TRANSACTION
control field 20241127123925.0
008 - FIXED-LENGTH DATA ELEMENTS--GENERAL INFORMATION
fixed length control field 241127b |||||||| |||| 00| 0 eng d
020 ## - INTERNATIONAL STANDARD BOOK NUMBER
International Standard Book Number 8127205834
050 ## - LIBRARY OF CONGRESS CALL NUMBER
Classification number HD 1410.5 BRO
Item number 1
100 ## - MAIN ENTRY--PERSONAL NAME
Personal name Broadway, A.C
245 ## - TITLE STATEMENT
Title A textbook of Agri-Business management
250 ## - EDITION STATEMENT
Edition statement 1st
260 ## - PUBLICATION, DISTRIBUTION, ETC.
Place of publication, distribution, etc. Delhi
Name of publisher, distributor, etc. Kalyani Publishers
Date of publication, distribution, etc. 2002c
300 ## - PHYSICAL DESCRIPTION
Extent iv,634p
500 ## - GENERAL NOTE
General note Bib, Tables
700 ## - ADDED ENTRY--PERSONAL NAME
Personal name Broadway,A Arif
942 ## - ADDED ENTRY ELEMENTS (KOHA)
Source of classification or shelving scheme Library of Congress Classification
Koha item type Books
Edition 1st
Suppress in OPAC No
999 ## -
-- 1606
-- 1606
Holdings
Withdrawn status Lost status Source of classification or shelving scheme Damaged status Not for loan Collection Home library Current library Shelving location Date acquired Total checkouts Full call number Barcode Date last seen Copy number Price effective from Koha item type
    Library of Congress Classification     Non-fiction Business Library (Miotso) Business Library (Miotso) General stacks 03/18/2026   HD1410.5 BRO BSSM00002958 03/18/2026 1 03/18/2026 Books
    Library of Congress Classification     Non-fiction Graduate Library (Christ Temple) Graduate Library (Christ Temple) General stacks 11/27/2024   HD 1410.5 BRO GSCT00000133 11/27/2024 1 11/27/2024 Books
© 2023-2024 Copyright: Central University Libraries. All Rights Reserved | Created by: Mahone Tech Office